000 00687nam a2200277Ia 4500
005 20260320195700.0
008 008 262003s9999 xx 000 0 hin d
020 _a9788119092451
037 _aEBOOK
040 _aCRL
040 _bhin
040 _cCRL
041 _2hin
041 _ahin
084 _qCRL
100 _aकेदार
_91132782
245 0 _aथोड़ा-थोड़ा पुन्न थोड़ा-थोड़ा पाप
250 _a1st
260 _bRajkamal
260 _c2023
300 _a144
856 _uhttps://ebook.indiaread.in/pdfs/9788119092451.pdf
942 _cEBOOK
999 _c1715923
_d1715923